000 00858nam a2200265Ia 4500
001 Para_2930
003 CHAP
008 220125s1988 xx 000 0 und d
010 _a201452
040 _cCHAP
082 _aPA 632.6513016 M6
100 _aMontes Belmont, Roberto
_977848
245 _aNematología vegetal en México :
_b investigación documental /
_c por Roberto Montes Belmont
260 _aChapingo, Méx. :
_b Sociedad Mexicana de Fitopatología
300 _a158 p.
650 _aNemátodos parásitos de plantas
_x Bibliografía Nemátodos parásitos de plantas
_9166363
710 _aSociedad Mexicana de Fitopatología
_9108088
901 _aPA 632.6513016 M6
902 _aA
905 _a0000001988 CHAa 0000000000 00
910 _a1988
942 _cPARA
942 _cPARA
_d1
999 _c201452
_d201452